It looks like you're offline.
Open Library logo
additional options menu

MARC record from Internet Archive

LEADER: 02183cam 22005894a 4500
001 9919618530001661
005 20161129130353.0
007 cr mn-
008 030225m20039999ne a b 001 0 eng
010 $a 2003043913
015 $aGBA613113$2bnb
016 7 $a006635798$2Uk
019 $a61512089
020 $a0444500634 (alk. paper)
020 $a0444511458 (v. 2)
020 $a0444511466 (v. 3)
024 3 $a9780444511454
024 3 $a9780444511461
029 1 $aNLGGC$b248515608
035 $a(CSdNU)u269566-01national_inst
035 $a(OCoLC)51800244
040 $aDLC$cDLC$dC#P$dOHX$dZGM$dBAKER$dUKM$dMUQ$dOUN$dNLGGC
042 $apcc
049 $aCNUM
050 00 $aHC79.E5$b.H32852 2003
072 7 $aHD$2lcco
082 00 $a333.7$221
084 $a83.63$2bcl
245 00 $aHandbook of environmental economics /$cedited by Karl-Goran Maler and Jeffrey R. Vincent.
250 $a1st ed.
260 $aAmsterdam ;$aBoston :$bElsevier,$c2003-
300 $av. <1 > :$bill. ;$c24 cm.
490 1 $aHandbooks in economics,$x0169-7218 ;$v20-
504 $aIncludes bibliographical references and index.
505 0 $av. 1. Environmental degradation and institutional responses -- v. 2. Valuing environmental changes -- v. 3. Economywide and international environmental issues.
650 0 $aEnvironmental economics.
650 0 $aEnvironmental degradation.
650 0 $aEnvironmental policy.
650 6 $aEconomie de l'environnement.
650 6 $aEnvironnement$xDegradation.
650 6 $aEnvironnement$xPolitique gouvernementale.
650 17 $aMilieueconomie.$2gtt
650 17 $aMilieubeleid.$2gtt
700 1 $aMaler, Karl-Goran.
700 1 $aVincent, Jeffrey R.
830 0 $aHandbooks in economics ;$vbk. 20-
938 $aOtto Harrassowitz$bHARR$nhar035012564$c135.00 EUR
938 $aBaker & Taylor$bBKTY$c135.00$d135.00$i0444511458$n0004294622$sactive
938 $aBaker & Taylor$bBKTY$c135.00$d135.00$i0444500634$n0004147902$sactive
949 $aHC 79.E5 .H32852 2003$i31786102069181
994 $a92$bCNU
999 $aHC 79.E5 .H32852 2003$wLC$c1$i31786102069181$lCIRCSTACKS$mNULS$rY$sY $tBOOK$u4/19/2006